00832nam a2200241 a 450000100060000000300080000600500170001400800410003103500190007204000320009104100080012308200260013110000330015724501250019026000470031530000350036250000530039750400500045065000240050065000130052465000140053770000390055169317BD-RjUL20211209081854.0170411s19481945enkad b 001 0 eng d a(BD-RjUL)69528 aEUWcEUWdEQOdBD-RjULbeng aeng 223a612.015bHOP 19481 aHöber, Rudolf,d1873-1953.10aPhysical chemistry of cells and tissues /cby Rudolf Höber ; with the collaboration of David I. Hitchcock ... [et al.] aLondon :bChurchill,c1945 [printing 1948] axiii, 676 p. :bill. ;c24 cm. aAlso published : Philadelphia : Blakiston, 1945. aIncludes bibliographical footnotes and index. 2aChemistry, Physical 2aCytology 2aHistology1 aHitchcock, David Ingersoll,d1893-